| 000 | 01170nam a2200301Ia 4500 | ||
|---|---|---|---|
| 001 | ebr10288761 | ||
| 003 | CaPaEBR | ||
| 006 | m u | ||
| 007 | cr cn||||||||| | ||
| 008 | 081009s2009 enka sb 011 0beng d | ||
| 020 | _z9781841502397 | ||
| 020 | _z1841502391 | ||
| 040 |
_aCaPaEBR _cCaPaEBR |
||
| 035 | _a(OCoLC)608623623 | ||
| 050 | 1 | 4 |
_aP96.A83 _bO44 2009eb |
| 100 | 1 | _aOddey, Alison. | |
| 245 | 1 | 0 |
_aModes of spectating _h[electronic resource] / _cAlison Oddey and Christine White. |
| 260 |
_aBristol, UK. ; _aChicago, Ill. : _bIntellect Books : _bUniversity of Chicago Press, _c2009. |
||
| 300 |
_a265 p. : _bill. |
||
| 504 | _aIncludes bibliographical references and index. | ||
| 533 |
_aElectronic reproduction. _bPalo Alto, Calif. : _cebrary, _d2009. _nAvailable via World Wide Web. _nAccess may be limited to ebrary affiliated libraries. |
||
| 650 | 0 |
_aMass media _xAudiences. |
|
| 650 | 0 | _aTheater audiences. | |
| 655 | 7 |
_aElectronic books. _2local |
|
| 700 | 1 | _aWhite, Christine. | |
| 710 | 2 | _aebrary, Inc. | |
| 856 | 4 | 0 |
_uhttp://site.ebrary.com/lib/rucke/Doc?id=10288761 _zAn electronic book accessible through the World Wide Web; click to view |
| 999 |
_c578 _d578 |
||